Rozšírenie nových zoznamov daňových subjektov na zverejňovanie v roku 2018 a 2019

Všeobecná informácia k zverejňovaniu zoznamov daňových subjektov, ktorá nie je daňovým tajomstvom.

Guardado en:
Detalles Bibliográficos
Autor principal: Klabníková, Klára
Formato: Capítulo de libro
Lenguaje:eslovaco
Materias:
Etiquetas: Agregar Etiqueta
Sin Etiquetas, Sea el primero en etiquetar este registro!

MARC

LEADER 00000naa a2200000 4500
001 0247916
005 20180927073903.2
041 0 |a slo 
044 |a SK 
245 1 0 |a Rozšírenie nových zoznamov daňových subjektov na zverejňovanie v roku 2018 a 2019  |c Klára Klabníková 
520 |a Všeobecná informácia k zverejňovaniu zoznamov daňových subjektov, ktorá nie je daňovým tajomstvom. 
610 2 0 |a tajomstvo daňové 
610 2 0 |a dlžníci 
610 2 0 |a daňovníci 
610 2 0 |a poriadok daňový 
610 2 0 |a správa daňová 
100 1 |a Klabníková, Klára